000 00683nam a2200241Ia 4500
003 OSt
005 20220925203844.0
006 a|||||r|||| 00| 0
007 ta
008 220923b |||||||| |||| 00| 0 eng d
020 _a0835955990
037 _cGeneral Book
040 _aRTL
_cRTL
_beng
041 _2eng
_aeng
082 _aX9(J):8, M6
100 _aBeierlein James G
_9267169
245 0 _aPrinciples of agribusiness management
260 _aEnglewood
_bCliffs Reston Book
_c1986
300 _axx, 441p. Glossary p. 427-36
_ccm.
650 _aManagement
_930681
942 _hX9(J):8, M6
_cGB
_2CC
999 _c547939
_d547939